000 00424cas a2200157 4500
008 150512n eng u
022 _a2232-1640
035 _a(Sirsi) a189882
050 _aHA52.I4
245 _aInstitustions and economies
260 _aKuala Lumpur
_b University of Malaya press
310 _aVol.5, No.2, 2013
520 _aGlobal Economies
362 _aVol.5, No.2, 2013
650 _aGlobal Economies
999 _c9698
_d9698